Giáo trình kinh tế chính trị Mác - Lênin về thời kỳ quá độ lên chủ nghĩa xã hội ở Việt Nam Dùng cho hệ cao cấp lý luận chính trị

Trình bày những vấn đề kinh tế, chính trị, công nghiệp hóa, hiện đại hóa, tài chính, tín dụng, sở hữu về tư liệu sản xuất, kinh tế đối ngoại...trong thời kì quá độ lên chủ nghĩa xã hội ở Việt Nam

Αποθηκεύτηκε σε:
Λεπτομέρειες βιβλιογραφικής εγγραφής
Άλλοι συγγραφείς: Chu Văn Cấp (ch.b), Đỗ Thế Tùng.. (tác giả)
Μορφή: Βιβλίο
Γλώσσα:Vietnamese
Έκδοση: H. Chính trị Quốc gia 2004
Έκδοση:Tái bản có sửa chữa, bổ sung
Θέματα:
Ετικέτες: Προσθήκη ετικέτας
Δεν υπάρχουν, Καταχωρήστε ετικέτα πρώτοι!
Thư viện lưu trữ: Mạng thư viện Đại học Đà Nẵng
LEADER 01822nam a2200397 4500
001 000007247
003 3408
005 20111025141046.0
008 110927s2004 viesd
020 |c 19000đ 
041 0 |a vie 
082 |a 335.412597  |b Gia 
245 0 |a Giáo trình kinh tế chính trị Mác - Lênin về thời kỳ quá độ lên chủ nghĩa xã hội ở Việt Nam  |b Dùng cho hệ cao cấp lý luận chính trị  |c B.s.: Chu Văn Cấp (ch.b.), Đỗ Thế Tùng, Nguyễn Đình Kháng.. 
250 |a Tái bản có sửa chữa, bổ sung 
260 |a H.  |b Chính trị Quốc gia  |c 2004 
300 |a 263 tr  |c 19 cm 
500 |a ĐTTS ghi: Học viện Chính trị Quốc gia Hồ Chí Minh. Khoa Kinh tế chính trị 
520 |a Trình bày những vấn đề kinh tế, chính trị, công nghiệp hóa, hiện đại hóa, tài chính, tín dụng, sở hữu về tư liệu sản xuất, kinh tế đối ngoại...trong thời kì quá độ lên chủ nghĩa xã hội ở Việt Nam 
653 |a Chủ nghĩa xã hội 
653 |a Thời kì quá độ 
653 |a Kinh tế chính trị học Mác - Lênin 
653 |a Việt Nam 
653 |a Giáo trình 
700 |a Chu Văn Cấp  |e ch.b 
700 |a Đỗ Thế Tùng..  |e tác giả 
910 |a Nguyễn Thị Kim Oanh  |d 27/09/2011 
OWN |a LSP 
AVA |a UDN50  |b LSP  |d 335.412597 Gia  |e available  |t Error 5001 Not defined in file expand_doc_bib_avail.  |f 5  |g 0  |h N  |i 0  |k 1 
999 |a From the UDN01 
AVA |a UDN50  |b LSP  |d 335.412597 Gia  |e available  |t Error 5001 Not defined in file expand_doc_bib_avail.  |f 5  |g 0  |h N  |i 0  |k 1 
TYP |a Monograph 
TYP |a Printed language 
980 |a Mạng thư viện Đại học Đà Nẵng